Bundesliga Rekordtorschützen - Statistiken

Allgemein
  • Dieses Quiz wurde 200 mal gespielt
  • Das Durchschnittsergebnis liegt bei 11 aus 25
Antwortstatistiken
Platz Tore Antwort % Korrekt
1. 365 Gerd Müller
100%
18. 145 Thomas Müller
99%
2. 312 Robert Lewandowski
98%
9. 177 Dieter Müller
97%
16. 154 Marco Reus
65%
6. 197 Claudio Pizarro
60%
11. 170 Mario Gomez
56%
13. 162 Karl-Heinz Rummenigge
53%
21. 137 Uwe Seeler
49%
23. 133 Giovane Elber
41%
24. 132 Rudi Völler
41%
3. 268 Klaus Fischer
39%
19. 144 Stefan Kießling
33%
4. 220 Jupp Heynckes
31%
10. 177 Klaus Allofs
27%
17. 148 Thomas Allofs
27%
5. 213 Manfred Burgsmüller
25%
7. 182 Ulf Kirsten
24%
15. 157 Fritz Walter
19%
22. 136 Horst Hrubesch
19%
8. 179 Stefan Kuntz
15%
14. 160 Bernd Hölzenbein
12%
25. 131 Michael Zorc
12%
12. 166 Hannes Löhr
9%
20. 141 Bernd Nickel
6%
Keine übereinstimmenden Quizze gefunden
Verteilung der Resultate
Anzahl Personen mit jedem Resultat
Perzentil nach korrekt beantworteten Fragen
Ihre Resultats-Entwicklung
Sie haben dieses Quiz noch nicht gespielt